[Event "Tambov Korensky Memorial 25th"]
[Site "Tambov"]
[Date "2016.08.28"]
[Round "9"]
[White "Geranichev, Mikhail"]
[Black "Akimov, Alexander A"]
[Result "1-0"]
[WhiteElo "2051"]
[BlackElo "2019"]
[PlyCount "96"]
[EventDate "2016.08.20"]
[EventType "swiss"]
[EventRounds "9"]
[EventCountry "RUS"]
[SourceTitle "CBM 174 Extra"]
[Source "ChessBase"]
[SourceDate "2016.10.10"]
[SourceVersion "1"]
[SourceVersionDate "2016.10.10"]
[SourceQuality "1"]

1. e4 c5 2. Nf3 e6 3. d4 cxd4 4. Nxd4 a6 5. c4 d5 6. exd5 exd5 7. Nc3 Nf6 8. Be2 Nc6 9. 0-0 dxc4 10. Nxc6 Qxd1 11. Rxd1 bxc6 12. Bxc4 Bc5 13. Re1+ Be6 14. Bxe6 fxe6 15. Rxe6+ Kd7 16. Re2 Rhe8 17. Rxe8 Rxe8 18. Bf4 Ng4 19. Rd1+ Kc8 20. Bg3 Rf8 21. Ne4 Bb6 22. h3 Nf6 23. Nd6+ Kb8 24. Nc4+ Kb7 25. Nxb6 Kxb6 26. Be5 Re8 27. Bxf6 gxf6 28. Kf1 Kb5 29. Rd7 h5 30. Rd6 Rf8 31. f4 Kc5 32. Rd2 Rg8 33. Kf2 h4 34. Rd3 Kc4 35. Rc3+ Kd5 36. g4 hxg3+ 37. Rxg3 Rxg3 38. Kxg3 Ke4 39. Kg4 c5 40. h4 c4 41. h5 Kd3 42. h6 Kc2 43. h7 Kxb2 44. h8Q c3 45. Qxf6 a5 46. Qd4 a4 47. Qxa4 c2 48. Qxc2+ Kxc2 1-0

[Event "Tambov Pavlyutin Memorial 6th"]
[Site "Tambov"]
[Date "2016.06.05"]
[Round "9"]
[White "Akimov, Alexander A"]
[Black "Machekhin, Evgeniy A"]
[Result "1/2-1/2"]
[WhiteElo "2067"]
[BlackElo "2016"]
[PlyCount "23"]
[EventDate "2016.06.01"]
[EventType "tourn"]
[EventRounds "9"]
[EventCountry "RUS"]
[SourceTitle "CBM 172 Extra"]
[Source "ChessBase"]
[SourceDate "2016.06.21"]
[SourceVersion "1"]
[SourceVersionDate "2016.06.21"]
[SourceQuality "1"]

1. d4 Nf6 2. c4 e5 3. d5 Bc5 4. Nc3 0-0 5. e3 d6 6. Bd3 Ne8 7. Nge2 f5 8. a3 a5 9. b3 Nf6 10. Qd2 Qe8 11. Bb2 Qg6 12. 0-0 1/2-1/2

[Event "Tambov Korensky Memorial 21st"]
[Site "Tambov"]
[Date "2012.08.20"]
[Round "3"]
[White "Nikolaev, Alexey S"]
[Black "Akimov, Alexander A"]
[Result "1-0"]
[WhiteElo "1997"]
[BlackElo "2079"]
[PlyCount "98"]
[EventDate "2012.08.18"]
[EventType "swiss"]
[EventRounds "9"]
[EventCountry "RUS"]
[SourceTitle "CBM 150 Extra"]
[Source "ChessBase"]
[SourceDate "2012.10.19"]
[SourceVersion "1"]
[SourceVersionDate "2012.10.19"]
[SourceQuality "1"]

1. e4 e6 2. d4 d5 3. e5 c5 4. c3 Ne7 5. Nf3 Nec6 6. a3 a5 7. Bd3 b6 8. 0-0 Ba6 9. Re1 Bxd3 10. Qxd3 Qc8 11. Nbd2 Qa6 12. Qe3 Be7 13. Nf1 Nd7 14. Ng3 0-0-0 15. Bd2 a4 16. Rab1 Na5 17. Qf4 Rdf8 18. Qg4 Qd3 19. Bf4 Qg6 20. Qh3 h6 21. Nd2 Kc7 22. b3 Nxb3 23. Nxb3 axb3 24. Rxb3 c4 25. Rb5 Ra8 26. Bc1 Kc6 27. Rb2 Rxa3 28. f4 Rxc3 29. f5 exf5 30. Nxf5 Bd8 31. Qxc3 Qxf5 32. Qb4 Qe6 33. Qb5+ Kc7 34. Ra2 Nb8 35. Ra7+ Kc8 36. Be3 Bc7 37. Rea1 Qc6 38. Qb4 Re8 39. Bf4 Qe6 40. Qb5 Qc6 41. Qb4 Qe6 42. Ra8 Kd7 43. R1a7 Nc6 44. Qb5 Rxa8 45. Rxa8 Qf5 46. Qxd5+ Ke7 47. Qxc6 Qb1+ 48. Kf2 Qc2+ 49. Kg3 Qd3+ 1-0

[Event "Tambov Korensky Memorial 21st"]
[Site "Tambov"]
[Date "2012.08.19"]
[Round "2"]
[White "Akimov, Alexander A"]
[Black "Zinovjev, Yury V"]
[Result "0-1"]
[WhiteElo "2079"]
[BlackElo "2181"]
[PlyCount "82"]
[EventDate "2012.08.18"]
[EventType "swiss"]
[EventRounds "9"]
[EventCountry "RUS"]
[SourceTitle "CBM 150 Extra"]
[Source "ChessBase"]
[SourceDate "2012.10.19"]
[SourceVersion "1"]
[SourceVersionDate "2012.10.19"]
[SourceQuality "1"]

1. d4 Nf6 2. Nf3 g6 3. b3 Bg7 4. Bb2 Ne4 5. e3 c5 6. Bd3 d5 7. 0-0 0-0 8. c4 Nc6 9. cxd5 Qxd5 10. Nbd2 Nxd2 11. Qxd2 cxd4 12. exd4 Bg4 13. Bc4 Qh5 14. Ne5 Nxe5 15. dxe5 Bxe5 16. Bxe5 Qxe5 17. Rfe1 Qf6 18. Qb4 Be6 19. Qxb7 Rac8 20. Rac1 Bxc4 21. bxc4 e5 22. c5 Rc6 23. h3 a6 24. Rxe5 Qxe5 25. Qxc6 Qb2 26. Rf1 Qxa2 27. Qd7 Qe6 28. Qa7 Rc8 29. Rb1 Qf5 30. Rc1 Qf4 31. Rc2 Qa4 32. Rc1 Qa3 33. Rc4 Qa1+ 34. Kh2 Qe5+ 35. g3 Qe6 36. Rb4 Qf6 37. Rf4 Qe6 38. h4 h5 39. Kg1 Rd8 40. c6 Rd1+ 41. Kh2 Qd5 0-1

[Event "Tambov Pavlyutin Memorial 2nd"]
[Site "Tambov"]
[Date "2012.05.18"]
[Round "7"]
[White "Akimov, Alexander A"]
[Black "Uryupin, Igor Nikolaevich"]
[Result "1/2-1/2"]
[WhiteElo "2098"]
[BlackElo "2261"]
[PlyCount "59"]
[EventDate "2012.05.15"]
[EventType "tourn"]
[EventRounds "9"]
[EventCountry "RUS"]
[SourceTitle "EXT 2014"]
[Source "ChessBase"]
[SourceDate "2013.11.20"]
[SourceVersion "1"]
[SourceVersionDate "2013.11.20"]
[SourceQuality "1"]

1. b3 Nf6 2. Bb2 e6 3. f4 d5 4. Nf3 Be7 5. e3 0-0 6. Be2 c5 7. 0-0 Nc6 8. Ne5 Qc7 9. d3 Nd7 10. Nxc6 Qxc6 11. c4 Bf6 12. Bxf6 Nxf6 13. Bf3 Rd8 14. Qe2 Qc7 15. Nc3 dxc4 16. dxc4 Bd7 17. Ne4 Nxe4 18. Bxe4 Bc6 19. Bxc6 Qxc6 20. Rad1 Qe4 21. Kf2 e5 22. Rxd8+ Rxd8 23. Rd1 Rxd1 24. Qxd1 g6 25. Qd8+ Kg7 26. Qe7 Qc2+ 27. Kf3 Qd1+ 28. Kg3 Qe1+ 29. Kf3 Qf1+ 30. Kg3 1/2-1/2

[Event "Tambov Pavlyutin Memorial 2nd"]
[Site "Tambov"]
[Date "2012.05.18"]
[Round "6"]
[White "Lomakina, Galja"]
[Black "Akimov, Alexander A"]
[Result "0-1"]
[WhiteElo "2060"]
[BlackElo "2098"]
[PlyCount "106"]
[EventDate "2012.05.15"]
[EventType "tourn"]
[EventRounds "9"]
[EventCountry "RUS"]
[SourceTitle "EXT 2014"]
[Source "ChessBase"]
[SourceDate "2013.11.20"]
[SourceVersion "1"]
[SourceVersionDate "2013.11.20"]
[SourceQuality "1"]

1. Nf3 Nf6 2. g3 g6 3. Bg2 Bg7 4. 0-0 0-0 5. d3 d5 6. Nbd2 b6 7. e4 dxe4 8. dxe4 Bb7 9. Re1 e6 10. a4 Nxe4 11. Nh4 Nc5 12. Bxb7 Nxb7 13. Qf3 Qc8 14. Ne4 Nd7 15. Bg5 Nbc5 16. Nxc5 Nxc5 17. Be7 Re8 18. Bxc5 bxc5 19. c3 Rb8 20. Re2 Qa6 21. Rd2 Red8 22. Rxd8+ Rxd8 23. Rd1 Rd6 24. b3 c4 25. bxc4 Qxa4 26. Rb1 Qxc4 27. Qa8+ Bf8 28. Qxa7 Rd8 29. Qa5 Bg7 30. Rc1 Bf6 31. Ng2 Bxc3 32. Qg5 Bf6 33. Qe3 Qb5 34. h4 Bd4 35. Qg5 Rd5 36. Qh6 c5 37. Rc2 Qb3 38. Rd2 Bg7 39. Qf4 e5 40. Qg5 h6 41. Rxd5 hxg5 42. Rd8+ Bf8 43. hxg5 Kg7 44. Rd7 Qe6 45. Rc7 Qd6 46. Rc8 Be7 47. f4 exf4 48. gxf4 Qd4+ 49. Kh2 c4 50. Kg3 Bc5 51. Nh4 Qf2+ 52. Kg4 Qe2+ 53. Nf3 Qg2+ 0-1

[Event "Tambov Korensky Memorial 20th"]
[Site "Tambov"]
[Date "2011.08.26"]
[Round "7"]
[White "Umansky, Vadim"]
[Black "Akimov, Alexander A"]
[Result "1-0"]
[WhiteElo "2246"]
[BlackElo "2091"]
[PlyCount "88"]
[EventDate "2011.08.20"]
[EventType "swiss"]
[EventRounds "9"]
[EventCountry "RUS"]
[SourceTitle "CBM 144 Extra"]
[Source "ChessBase"]
[SourceDate "2011.10.28"]
[SourceVersion "1"]
[SourceVersionDate "2011.10.28"]
[SourceQuality "1"]

1. e4 d6 2. d4 Nf6 3. Nc3 g6 4. Bg5 Bg7 5. Qd2 0-0 6. 0-0-0 Nbd7 7. Bh6 e5 8. Bxg7 Kxg7 9. f4 exf4 10. Nh3 b6 11. Nxf4 Bb7 12. Bd3 c5 13. h4 cxd4 14. Nb5 h5 15. Nxd6 Qc7 16. Nxb7 Qxb7 17. g4 Rh8 18. gxh5 Nxh5 19. Nxh5+ Rxh5 20. Qf2 Nf6 21. Qxd4 Re8 22. Rdf1 Qe7 23. Rf4 Qe5 24. Qxe5 Rhxe5 25. Rhf1 R5e6 26. e5 Nh5 27. Rxf7+ Kh6 28. Rxa7 R8e7 29. Rxe7 Rxe7 30. Re1 Nf4 31. Re4 g5 32. hxg5+ Kxg5 33. Kd2 Nd5 34. a3 Kf5 35. Re1+ Ke6 36. Bc4 Rh7 37. Bxd5+ Kxd5 38. e6 Re7 39. Kd3 Kc5 40. b4+ Kb5 41. Kd4 Ka4 42. Kd5 Kxa3 43. b5 Kb4 44. Kd6 Re8 1-0

[Event "Tambov Korensky Memorial 20th"]
[Site "Tambov"]
[Date "2011.08.25"]
[Round "6"]
[White "Akimov, Alexander A"]
[Black "Sviridova, Olga Borisovna"]
[Result "1-0"]
[WhiteElo "2091"]
[BlackElo "1903"]
[PlyCount "97"]
[EventDate "2011.08.20"]
[EventType "swiss"]
[EventRounds "9"]
[EventCountry "RUS"]
[SourceTitle "CBM 144 Extra"]
[Source "ChessBase"]
[SourceDate "2011.10.28"]
[SourceVersion "1"]
[SourceVersionDate "2011.10.28"]
[SourceQuality "1"]

1. d4 f5 2. f4 Nf6 3. Nf3 g6 4. e3 Bg7 5. Bd3 0-0 6. c4 d6 7. Nc3 Nbd7 8. 0-0 e5 9. Ng5 Qe7 10. Rb1 c6 11. b4 Ng4 12. dxe5 dxe5 13. Ne2 c5 14. a3 Nb6 15. bxc5 Nd7 16. h3 Ngf6 17. fxe5 Nxe5 18. Nf3 Nfd7 19. Nf4 Nxc5 20. Nd5 Qd7 21. Be2 b6 22. Nxe5 Bxe5 23. Bf3 Rb8 24. Bb2 Qg7 25. Bxe5 Qxe5 26. Qd4 Qg7 27. Rfd1 Ba6 28. a4 Ne6 29. Qd3 Rbc8 30. Rdc1 Rc5 31. Nb4 Bc8 32. Bd5 Kh8 33. Nc2 Rd8 34. Nd4 f4 35. Nxe6 Bxe6 36. e4 Qe5 37. Rb5 Rcc8 38. a5 bxa5 39. Rxa5 Qc7 40. Rca1 Bxd5 41. cxd5 Qe5 42. Rxa7 Rc3 43. Re7 Qxe7 44. Qxc3+ Qg7 45. e5 Re8 46. d6 Kg8 47. Qd4 Qf7 48. Ra7 Qe6 49. Qxf4 1-0

[Event "Tambov Korensky Memorial 20th"]
[Site "Tambov"]
[Date "2011.08.23"]
[Round "4"]
[White "Akimov, Alexander A"]
[Black "Larin, Vladimir P"]
[Result "0-1"]
[WhiteElo "2091"]
[BlackElo "2188"]
[PlyCount "122"]
[EventDate "2011.08.20"]
[EventType "swiss"]
[EventRounds "9"]
[EventCountry "RUS"]
[SourceTitle "CBM 144 Extra"]
[Source "ChessBase"]
[SourceDate "2011.10.28"]
[SourceVersion "1"]
[SourceVersionDate "2011.10.28"]
[SourceQuality "1"]

1. d4 e6 2. c4 f5 3. a3 Nf6 4. g3 c6 5. Bg2 d5 6. cxd5 exd5 7. Nf3 Bd6 8. 0-0 0-0 9. Bg5 Nbd7 10. e3 Qe8 11. Bxf6 Rxf6 12. Re1 Rh6 13. Nbd2 Nf6 14. b4 Qh5 15. Nh4 Qf7 16. Nf1 Bd7 17. f4 Ne4 18. Nf3 Re8 19. N1d2 Qh5 20. Nf1 Re7 21. Qb3 Be6 22. Rac1 Qe8 23. Rc2 Rf6 24. Rec1 h6 25. a4 Kh7 26. N1d2 Bf7 27. Ne5 g5 28. Ndf3 Bg8 29. b5 gxf4 30. exf4 cxb5 31. axb5 Bxe5 32. Nxe5 Rb6 33. Rb1 a6 34. Bf1 Nd6 35. Rc5 Ne4 36. Rc2 Nd6 37. Qb4 Nc4 38. Nxc4 Rxb5 39. Qxb5 axb5 40. Ne5 Qa8 41. Bxb5 Qa7 42. Rc5 Qa3 43. Rbc1 Qe3+ 44. Kg2 Be6 45. Rc7 Rg7 46. Rxg7+ Kxg7 47. Rc7+ Kf6 48. Rh7 Qxd4 49. Rxh6+ Ke7 50. Rh7+ Kd6 51. Rh6 Qb2+ 52. Kh3 Qxb5 53. Ng6 Qf1+ 54. Kh4 Qe2 55. h3 d4 56. g4 Kc5 57. Ne5 Bd5 58. gxf5 d3 59. Nxd3+ Qxd3 60. f6 Qf5 61. Kg3 b5 0-1

[Event "Tambov Korensky Memorial 20th"]
[Site "Tambov"]
[Date "2011.08.20"]
[Round "1"]
[White "Lukovnikov, Alexander"]
[Black "Akimov, Alexander A"]
[Result "1-0"]
[WhiteElo "2306"]
[BlackElo "2091"]
[PlyCount "55"]
[EventDate "2011.08.20"]
[EventType "swiss"]
[EventRounds "9"]
[EventCountry "RUS"]
[SourceTitle "CBM 144 Extra"]
[Source "ChessBase"]
[SourceDate "2011.10.28"]
[SourceVersion "1"]
[SourceVersionDate "2011.10.28"]
[SourceQuality "1"]

1. e4 c6 2. d4 d5 3. f3 dxe4 4. fxe4 e5 5. Nf3 exd4 6. Bc4 Be7 7. 0-0 Nf6 8. Ng5 0-0 9. Nxf7 Qb6 10. Qd3 Na6 11. Kh1 Nc5 12. Qe2 Be6 13. Ng5 d3 14. Bxd3 Nxd3 15. cxd3 Bg4 16. Nf3 Qa6 17. Nbd2 Nd7 18. Nc4 c5 19. Ne3 Bxf3 20. gxf3 Bg5 21. Nd5 Qh6 22. f4 Bd8 23. f5 Qc6 24. Bf4 b6 25. Qg2 Kh8 26. Rg1 Bf6 27. Ne7 Qb7 28. Ng6+ 1-0

[Event "Tambov Pavlyutin Memorial 1st"]
[Site "Tambov"]
[Date "2011.05.21"]
[Round "9"]
[White "Larin, Vladimir P"]
[Black "Akimov, Alexander A"]
[Result "0-1"]
[WhiteElo "2193"]
[BlackElo "2083"]
[PlyCount "86"]
[EventDate "2011.05.17"]
[EventType "tourn"]
[EventRounds "9"]
[EventCountry "RUS"]
[SourceTitle "CBM 142 Extra"]
[Source "ChessBase"]
[SourceDate "2011.06.27"]
[SourceVersion "1"]
[SourceVersionDate "2011.06.27"]
[SourceQuality "1"]

1. c4 c5 2. Nc3 Nc6 3. g3 g6 4. Bg2 Bg7 5. d3 d6 6. Rb1 Rb8 7. a3 Bd7 8. e4 a6 9. Nge2 b5 10. 0-0 b4 11. axb4 Rxb4 12. f4 e6 13. f5 Nd4 14. fxe6 fxe6 15. Bf4 Rb6 16. Be3 Nh6 17. h3 Nf7 18. Kh2 0-0 19. Qd2 Qe7 20. b4 Nxe2 21. Nxe2 Rfb8 22. Qa2 Bc8 23. bxc5 Rb2 24. Rxb2 Rxb2 25. cxd6 Qxd6 26. Qa4 Rxe2 27. c5 Qe7 28. Bg1 e5 29. Qd1 Ra2 30. Qb3 Qe6 31. Qxe6 Bxe6 32. Rb1 Ng5 33. Be3 Nf3+ 34. Kh1 Nd4 35. Rb8+ Kf7 36. Rb7+ Kg8 37. Rb8+ Bf8 38. Kg1 Nc6 39. Rb6 Bd7 40. g4 a5 41. Bf1 Rc2 42. Rb7 Be8 43. Kh1 a4 0-1

[Event "Tambov Pavlyutin Memorial 1st"]
[Site "Tambov"]
[Date "2011.05.18"]
[Round "3"]
[White "Agapov, Yury N"]
[Black "Akimov, Alexander A"]
[Result "0-1"]
[WhiteElo "2048"]
[BlackElo "2083"]
[PlyCount "94"]
[EventDate "2011.05.17"]
[EventType "tourn"]
[EventRounds "9"]
[EventCountry "RUS"]
[SourceTitle "CBM 142 Extra"]
[Source "ChessBase"]
[SourceDate "2011.06.27"]
[SourceVersion "1"]
[SourceVersionDate "2011.06.27"]
[SourceQuality "1"]

1. e4 c6 2. d4 d5 3. e5 Bf5 4. f4 e6 5. Nf3 h6 6. Bd3 Ne7 7. 0-0 g6 8. b3 Bxd3 9. Qxd3 h5 10. Ba3 Nf5 11. Bxf8 Kxf8 12. Nbd2 Nd7 13. c4 Qa5 14. a3 Kg7 15. b4 Qa6 16. a4 dxc4 17. Qxc4 Qxc4 18. Nxc4 Nb6 19. Nxb6 axb6 20. a5 bxa5 21. bxa5 Rhd8 22. Rfb1 Ra7 23. Rb4 Rd7 24. Kf2 Kf8 25. h3 h4 26. Ke2 Ke8 27. Raa4 Kd8 28. Kd3 Kc7 29. Ke4 Rd5 30. Ng5 Rdxa5 31. Rxa5 Rxa5 32. Rb3 Ra4 33. Rd3 c5 34. Nxf7 Nxd4 35. Ke3 b5 36. Nh8 b4 37. Rxd4 cxd4+ 38. Kxd4 Ra2 39. Nxg6 Rc2 40. Nxh4 b3 41. Kd3 Rc6 42. Nf3 b2 43. Nd2 Rc1 44. g4 Rd1 45. Kc2 Rxd2+ 46. Kxd2 b1Q 47. Ke3 Qb3+ 0-1

[Event "Tambov Pavlyutin Memorial 1st"]
[Site "Tambov"]
[Date "2011.05.17"]
[Round "2"]
[White "Akimov, Alexander A"]
[Black "Volchikhin, Artyom"]
[Result "1/2-1/2"]
[WhiteElo "2083"]
[BlackElo "2065"]
[PlyCount "82"]
[EventDate "2011.05.17"]
[EventType "tourn"]
[EventRounds "9"]
[EventCountry "RUS"]
[SourceTitle "CBM 142 Extra"]
[Source "ChessBase"]
[SourceDate "2011.06.27"]
[SourceVersion "1"]
[SourceVersionDate "2011.06.27"]
[SourceQuality "1"]

1. d4 d5 2. Nf3 Nf6 3. Bf4 Bf5 4. e3 e6 5. Bd3 Bg6 6. Ne5 Bd6 7. Nxg6 hxg6 8. Bxd6 Qxd6 9. h3 g5 10. c3 Nbd7 11. Nd2 g4 12. h4 0-0-0 13. Qe2 g5 14. g3 gxh4 15. gxh4 g3 16. 0-0-0 g2 17. Rh3 Rdg8 18. Rg1 Rg4 19. h5 Rg5 20. h6 Qf8 21. f4 Rg4 22. h7 Rg7 23. Rxg2 Ne8 24. Rxg7 Qxg7 25. Qh2 f5 26. Nf3 Nef6 27. Ng5 Qe7 28. a3 Nf8 29. Qh1 c6 30. c4 Kb8 31. c5 b5 32. Qe1 N8xh7 33. Qh1 Kc7 34. Rh6 Kd7 35. Kb1 a6 36. Rg6 Qf8 37. Rh6 Qg7 38. Ka2 Ke7 39. Rh4 Kd7 40. Be2 Ke7 41. Kb3 Kd7 1/2-1/2

[Event "Tambov Korensky Memorial 19th"]
[Site "Tambov"]
[Date "2010.08.28"]
[Round "8"]
[White "Akimov, Alexander A"]
[Black "Vyaznikov, Sergey O"]
[Result "0-1"]
[WhiteElo "2078"]
[BlackElo "2275"]
[PlyCount "72"]
[EventDate "2010.08.21"]
[EventType "swiss"]
[EventRounds "9"]
[EventCountry "RUS"]
[SourceTitle "EXT 2022"]
[Source "ChessBase"]
[SourceDate "2021.10.06"]
[SourceVersion "1"]
[SourceVersionDate "2021.10.06"]
[SourceQuality "1"]

1. Nf3 d5 2. d4 e6 3. Bf4 c6 4. e3 f5 5. c4 Nf6 6. Nc3 Be7 7. Bd3 0-0 8. Qc2 Ne4 9. Be5 Nd7 10. h3 Nxe5 11. Nxe5 Bd6 12. 0-0-0 Qa5 13. Bxe4 fxe4 14. cxd5 Bxe5 15. dxe5 cxd5 16. f4 Bd7 17. Qb3 Bc6 18. Kb1 Rac8 19. Rd4 b5 20. Rc1 Qb6 21. Nxe4 dxe4 22. Qxe6+ Kh8 23. Rd6 Qxe3 24. Rdxc6 Rce8 25. Qd7 Qxf4 26. e6 e3 27. e7 Qe4+ 28. Ka1 Rxe7 29. Rc8 Kg8 30. Rxf8+ Kxf8 31. Rf1+ Kg8 32. Qxb5 h6 33. Qb8+ Kh7 34. Qg3 e2 35. Re1 Rd7 36. Qb3 Qe3 0-1

[Event "Tambov Korensky Memorial 19th"]
[Site "Tambov"]
[Date "2010.08.24"]
[Round "4"]
[White "Fedotov, Sergey A"]
[Black "Akimov, Alexander A"]
[Result "1/2-1/2"]
[WhiteElo "2211"]
[BlackElo "2078"]
[PlyCount "98"]
[EventDate "2010.08.21"]
[EventType "swiss"]
[EventRounds "9"]
[EventCountry "RUS"]
[SourceTitle "EXT 2022"]
[Source "ChessBase"]
[SourceDate "2021.10.06"]
[SourceVersion "1"]
[SourceVersionDate "2021.10.06"]
[SourceQuality "1"]

1. d4 d5 2. c4 c6 3. Nc3 Nf6 4. Nf3 e6 5. Bg5 Be7 6. e3 h6 7. Bxf6 Bxf6 8. cxd5 exd5 9. Bd3 Qe7 10. 0-0 0-0 11. Rb1 Be6 12. b4 b6 13. Qc2 c5 14. bxc5 bxc5 15. dxc5 Qxc5 16. Ne4 Qe7 17. Nxf6+ Qxf6 18. Nd4 Nd7 19. Rfc1 Ne5 20. Ba6 Bc8 21. Bb7 Bxb7 22. Rxb7 Rfc8 23. Qxc8+ Rxc8 24. Rxc8+ Kh7 25. h3 Nd3 26. Rc2 a5 27. Ra7 a4 28. Rxa4 Qb6 29. Ra3 Qg6 30. Ra7 Ne1 31. g3 Nxc2 32. Nxc2 Qxc2 33. Rxf7 Qxa2 34. Rf4 g5 35. Rd4 Kg6 36. h4 Kf5 37. hxg5 hxg5 38. Kg2 Ke5 39. Rg4 Kf5 40. Rd4 Qa5 41. Kg1 Ke5 42. Kg2 Qa8 43. Kf3 Qa1 44. Rb4 Qc3 45. Rg4 Qc6 46. Rd4 Qc1 47. Kg2 Qc3 48. Rg4 Kf5 49. Rd4 Qb3 1/2-1/2

[Event "Tambov Korensky Memorial 18th"]
[Site "Tambov"]
[Date "2009.08.29"]
[Round "8"]
[White "Nikolaev, Alexey S"]
[Black "Akimov, Alexander A"]
[Result "1-0"]
[WhiteElo "2032"]
[BlackElo "2080"]
[PlyCount "105"]
[EventDate "2009.08.22"]
[EventType "swiss"]
[EventRounds "9"]
[EventCountry "RUS"]
[SourceTitle "CBM 132 Extra"]
[Source "ChessBase"]
[SourceDate "2009.11.03"]
[SourceVersion "1"]
[SourceVersionDate "2009.11.03"]
[SourceQuality "1"]

1. e4 c5 2. d4 e6 3. c3 a6 4. Nf3 Qc7 5. a3 b6 6. Bd3 Bb7 7. 0-0 d6 8. Bf4 Nd7 9. Bg3 Ngf6 10. Qe2 Be7 11. Nbd2 b5 12. e5 Nh5 13. exd6 Bxd6 14. Bxd6 Qxd6 15. Ne4 Qc7 16. g3 Nhf6 17. dxc5 Nxe4 18. Bxe4 Nxc5 19. Bxb7 Nxb7 20. Qe4 h6 21. Rad1 0-0 22. Rd2 Nc5 23. Qe5 Qc8 24. Rfd1 Na4 25. Qd6 Qc4 26. Ne5 Qb3 27. Qb4 Qxb4 28. cxb4 Nb6 29. Nd7 Nc4 30. Nxf8 Nxd2 31. Rxd2 Kxf8 32. Rc2 Ke7 33. Rc7+ Kf6 34. Kf1 g6 35. Ke2 Rd8 36. Rc6 Ra8 37. Rc7 e5 38. Ke3 Ke6 39. h4 f5 40. h5 gxh5 41. Rc6+ Kf7 42. Rxh6 Kg7 43. Re6 Rc8 44. Rxe5 Rc2 45. Re7+ Kf6 46. Ra7 Rxb2 47. Rxa6+ Ke5 48. Ra5 Rb3+ 49. Ke2 Ke4 50. Rxb5 Rxa3 51. f3+ Rxf3 52. Re5+ Kxe5 53. Kxf3 1-0

[Event "Tambov Korensky Memorial 18th"]
[Site "Tambov"]
[Date "2009.08.26"]
[Round "5"]
[White "Akimov, Alexander A"]
[Black "Fedotov, Sergey A"]
[Result "0-1"]
[WhiteElo "2080"]
[BlackElo "2262"]
[PlyCount "30"]
[EventDate "2009.08.22"]
[EventType "swiss"]
[EventRounds "9"]
[EventCountry "RUS"]
[SourceTitle "CBM 132 Extra"]
[Source "ChessBase"]
[SourceDate "2009.11.03"]
[SourceVersion "1"]
[SourceVersionDate "2009.11.03"]
[SourceQuality "1"]

1. d4 d5 2. c4 c6 3. Nc3 e6 4. Nf3 dxc4 5. a4 Bb4 6. e3 b5 7. Bd2 Qe7 8. Ne5 Bb7 9. b3 Bxc3 10. Bxc3 b4 11. Bd2 c3 12. Bc1 Nf6 13. Qc2 0-0 14. Be2 c5 15. dxc5 Qxc5 0-1

[Event "Tambov Korensky Memorial 18th"]
[Site "Tambov"]
[Date "2009.08.24"]
[Round "3"]
[White "Akimov, Alexander A"]
[Black "Korensky, Sergey"]
[Result "0-1"]
[WhiteElo "2080"]
[BlackElo "2225"]
[PlyCount "59"]
[EventDate "2009.08.22"]
[EventType "swiss"]
[EventRounds "9"]
[EventCountry "RUS"]
[SourceTitle "CBM 132 Extra"]
[Source "ChessBase"]
[SourceDate "2009.11.03"]
[SourceVersion "1"]
[SourceVersionDate "2009.11.03"]
[SourceQuality "1"]

1. d4 Nf6 2. c4 g6 3. Nc3 Bg7 4. Nf3 d6 5. Bg5 Nbd7 6. Qd2 h6 7. Bh4 g5 8. Bg3 Nh5 9. e4 c5 10. d5 Qa5 11. Nd1 Qxd2+ 12. Nxd2 0-0 13. Be2 Nf4 14. Bxf4 gxf4 15. Bg4 Ne5 16. Bxc8 Raxc8 17. Ke2 f5 18. Nc3 fxe4 19. Ncxe4 f3+ 20. gxf3 Ng6 21. Kd3 Nf4+ 22. Kc2 b5 23. Rad1 bxc4 24. Nxc4 Rb8 25. Rhe1 Rf5 26. Ng3 Rf7 27. Re4 Nh3 28. Rde1 Kf8 29. R1e2 Ng5 30. Nh5 0-1

[Event "Tambov Korensky Memorial 18th"]
[Site "Tambov"]
[Date "2009.08.23"]
[Round "2"]
[White "Skakun, Valentina"]
[Black "Akimov, Alexander A"]
[Result "0-1"]
[WhiteElo "1829"]
[BlackElo "2080"]
[PlyCount "56"]
[EventDate "2009.08.22"]
[EventType "swiss"]
[EventRounds "9"]
[EventCountry "RUS"]
[SourceTitle "CBM 132 Extra"]
[Source "ChessBase"]
[SourceDate "2009.11.03"]
[SourceVersion "1"]
[SourceVersionDate "2009.11.03"]
[SourceQuality "1"]

1. d4 d5 2. c4 c6 3. cxd5 cxd5 4. Nf3 Nc6 5. Nc3 Nf6 6. Bf4 e6 7. e3 Bd6 8. Be2 Bxf4 9. exf4 Qb6 10. 0-0 Qxb2 11. Nb5 0-0 12. a3 a6 13. Rb1 Qa2 14. Nc7 Ra7 15. Qd3 Qc4 16. Qd2 Ne4 17. Qe3 Qc3 18. Qxc3 Nxc3 19. Rb2 Nxe2+ 20. Rxe2 b5 21. Rc1 Rxc7 22. Rec2 Bb7 23. Ne5 Rfc8 24. f5 exf5 25. Nd3 a5 26. Nf4 Rd7 27. Rc5 Ne7 28. Kf1 Rxc5 0-1

[Event "Tambov Korensky Memorial 17th"]
[Site "Tambov"]
[Date "2008.08.26"]
[Round "5"]
[White "Akimov, Alexander A"]
[Black "Pecheritsa, Vitaly"]
[Result "0-1"]
[WhiteElo "2096"]
[BlackElo "2308"]
[PlyCount "60"]
[EventDate "2008.08.23"]
[EventType "swiss"]
[EventRounds "9"]
[EventCountry "RUS"]
[SourceTitle "CBM 126 Extra"]
[Source "ChessBase"]
[SourceDate "2008.11.05"]
[SourceVersion "1"]
[SourceVersionDate "2008.11.05"]
[SourceQuality "1"]

1. d4 f5 2. c4 Nf6 3. Nc3 g6 4. Bg5 Bg7 5. Qd2 c6 6. Rd1 d6 7. f3 0-0 8. Nh3 Qe8 9. Nf2 e5 10. dxe5 dxe5 11. e4 Be6 12. Be2 Nbd7 13. 0-0 Nh5 14. exf5 gxf5 15. Rfe1 Qg6 16. Bf1 Rae8 17. Qc1 e4 18. fxe4 f4 19. Bh4 Ne5 20. Kh1 Bh6 21. Qc2 Ng3+ 22. hxg3 fxg3 23. Nh3 Bxh3 24. gxh3 Rf2 25. Qxf2 gxf2 26. Bxf2 Qf7 27. Bxa7 Bg7 28. Re3 h5 29. b3 Re6 30. c5 Qf2 0-1